| 000 | 00644cam a22002174a 4500 | ||
|---|---|---|---|
| 005 | 20250605164251.0 | ||
| 008 | 250528s ||||||||||||||||||||||||d | ||
| 035 | _a21727 | ||
| 020 | _a9789609427272 | ||
| 040 |
_aGR-AtMCL _bgre _dGR-AtMCL _eAACR2 |
||
| 245 | 1 | _aΗ ΚΛΙΝΙΚΗ ΔΙΑΧΕΙΡΙΣΗ ΤΩΝ ΔΙΑΤΑΡΑΧΩΝ ΚΑΤΑΠΟΣΗΣ / ΔΥΣΦΑΓΙΑ ΣΕ ΠΑΙΔΙΑ ΚΑΙ ΕΝΗΛΙΚΕΣ | |
| 250 | _a1 | ||
| 260 |
_bGotsis, _c2014 |
||
| 300 | _a277 | ||
| 520 | _aISBN:978-960-9427-27-2 | ||
| 700 | 1 |
_aCarrau Ricardo L _97654 |
|
| 700 | 1 |
_aMurry Thomas _97655 |
|
| 942 | _cBK | ||
| 999 |
_c6786 _d6786 |
||